00890nam a2200229Ia 450000500170000000800410001702000150005804100080007308200180008110000340009924501230013325000220025626400640027830000250034233600270036733700330039433800280042765000670045565000620052270000410058404000350062520220316235418.0121119s1998 ck gr 000 0 spa  a95896201911 aspa04a986.11 bP62C1 aPosada Carbo, Eduardo,d1956-13aEl Caribe colombiano buna historia regional (1870-1950)cEduardo Posada Carbo ; traducción, Cecilia Inés Restrepo aPrimera edición 1aBogotábBanco de la RepúblicabEl Ancora Editoresc1998 a507 páginasc23 cm atextobtxt2rdacontent asin mediaciónbn2rdamedia avolumenbnc2rdacarrier142LEMBaCondiciones sociales y1870-1950 zCaribe (Región) 142LEMBaHistoria y1870-1950 zCosta Atlántica (Colombia)1 aRestrepo, Cecilia Inés,etraductor aCO-BoRNBPbspaerdacCO-BoRNBP